[Event "CZE-chT U20 final-B 0910"]
[Site "Pavla Vlachovice"]
[Date "2010.04.23"]
[Round "8.4"]
[White "Krasny, Drahomir"]
[Black "Novotny, Richard"]
[Result "1/2-1/2"]
[WhiteElo "1924"]
[BlackElo "1782"]
[PlyCount "99"]
[EventDate "2010.04.23"]
[EventType "team-tourn"]
[EventRounds "11"]
[EventCountry "CZE"]
[SourceTitle "EXT 2011"]
[Source "ChessBase"]
[SourceDate "2010.11.26"]
[SourceVersion "1"]
[SourceVersionDate "2010.11.26"]
[SourceQuality "1"]
[WhiteTeam "Udlice (U20)"]
[BlackTeam "Bedrichov (U20)"]
[WhiteTeamCountry "CZE"]
[BlackTeamCountry "CZE"]

1. e4 e5 2. Nf3 d6 3. d4 exd4 4. Nxd4 Nf6 5. Nc3 Be7 6. Bf4 0-0 7. Qd2 a6 8. 0-0-0 b5 9. f3 Bb7 10. g4 b4 11. Na4 a5 12. b3 Na6 13. h4 Nc5 14. Bb5 Nxa4 15. Bxa4 Nd7 16. g5 Nc5 17. Bc6 Bxc6 18. Nxc6 Qd7 19. Qd5 Ra6 20. Qxc5 Qxc6 21. Qxc6 Rxc6 22. Rd5 Rc3 23. Rh3 Ra8 24. Bd2 Rc6 25. Kb2 f6 26. f4 fxg5 27. hxg5 g6 28. f5 Rc5 29. Rhd3 Rxd5 30. Rxd5 c6 31. Rd3 Kf7 32. Rh3 Kg8 33. f6 Bf8 34. Bf4 Re8 35. Re3 Kf7 36. Kc1 h6 37. gxh6 Kxf6 38. Rf3 Ke6 39. Kd2 Re7 40. Rg3 Rh7 41. Rxg6+ Kf7 42. Rg5 c5 43. Rd5 Bxh6 44. Bxh6 Rxh6 45. e5 Ke7 46. exd6+ Rxd6 47. Rxd6 Kxd6 48. Kd3 Kd5 49. c3 Kc6 50. c4 1/2-1/2

[Event "Jirasek Memorial op-A"]
[Site "Rakovnik"]
[Date "2009.08.11"]
[Round "5"]
[White "Krasny, Drahomir"]
[Black "Lexa, Josef"]
[Result "1/2-1/2"]
[WhiteElo "1895"]
[BlackElo "2051"]
[PlyCount "108"]
[EventDate "2009.08.08"]
[EventType "swiss"]
[EventRounds "9"]
[EventCountry "CZE"]
[SourceTitle "EXT 2010"]
[Source "ChessBase"]
[SourceDate "2010.11.25"]
[SourceVersion "1"]
[SourceVersionDate "2010.11.25"]
[SourceQuality "1"]

1. e4 c5 2. Nf3 d6 3. d4 cxd4 4. Qxd4 a6 5. c4 Nc6 6. Qd2 e6 7. b3 Nf6 8. Nc3 Be7 9. Bb2 Qc7 10. Be2 b6 11. Nd4 Bb7 12. Bf3 Rd8 13. Nxc6 Bxc6 14. Rd1 0-0 15. 0-0 Nd7 16. g3 f5 17. Bg2 Qb7 18. f4 fxe4 19. Bh3 Rf6 20. Nxe4 Bxe4 21. Bxf6 Nxf6 22. Bxe6+ Kh8 23. a3 Qc6 24. b4 a5 25. Rfe1 Bf8 26. Qd4 axb4 27. axb4 Bf3 28. Rd3 Re8 29. Ree3 Bh5 30. h3 Qa4 31. g4 Rxe6 32. Rxe6 Bf7 33. Ree3 Qxb4 34. Rb3 Qxc4 35. Qxc4 Bxc4 36. Rxb6 Nd5 37. Rb8 Nxe3 38. Rxf8+ Bg8 39. Kf2 Nd5 40. Rd8 Nf6 41. Kf3 d5 42. g5 Ne4 43. h4 g6 44. f5 gxf5 45. Kf4 Kg7 46. Kxf5 Bf7 47. Rd7 Kf8 48. Ra7 Nd6+ 49. Kf6 Ne4+ 50. Ke5 Nd2 51. h5 Bxh5 52. Rxh7 Bg6 53. Rd7 Bf7 54. Ra7 Ne4 1/2-1/2

[Event "Jirasek Memorial op-A"]
[Site "Rakovnik"]
[Date "2009.08.09"]
[Round "2"]
[White "Krasny, Drahomir"]
[Black "Cizinsky, Jiri"]
[Result "1/2-1/2"]
[WhiteElo "1895"]
[BlackElo "1985"]
[PlyCount "24"]
[EventDate "2009.08.08"]
[EventType "swiss"]
[EventRounds "9"]
[EventCountry "CZE"]
[SourceTitle "EXT 2010"]
[Source "ChessBase"]
[SourceDate "2010.11.25"]
[SourceVersion "1"]
[SourceVersionDate "2010.11.25"]
[SourceQuality "1"]

1. e4 c5 2. Nf3 d6 3. d4 cxd4 4. Nxd4 Nf6 5. Nc3 g6 6. Bc4 Bg7 7. h3 0-0 8. 0-0 a6 9. a4 Qc7 10. Bb3 Nbd7 11. Re1 Nc5 12. Ba2 Bd7 1/2-1/2

[Event "Karlovy Vary op"]
[Site "Karlovy Vary"]
[Date "2009.04.29"]
[Round "1"]
[White "Krasny, Drahomir"]
[Black "Dusbaba, Karel"]
[Result "1/2-1/2"]
[WhiteElo "1628"]
[BlackElo "2041"]
[PlyCount "81"]
[EventDate "2009.04.29"]
[EventType "swiss"]
[EventRounds "7"]
[EventCountry "CZE"]
[SourceTitle "CBM 130 Extra"]
[Source "ChessBase"]
[SourceDate "2009.07.02"]
[SourceVersion "2"]
[SourceVersionDate "2009.07.15"]
[SourceQuality "1"]

1. e4 e6 2. d4 d5 3. exd5 exd5 4. Bd3 Bd6 5. Ne2 Ne7 6. Bf4 Bf5 7. c3 c6 8. Qc2 Bxd3 9. Qxd3 0-0 10. 0-0 Ng6 11. Bxd6 Qxd6 12. Nd2 Nd7 13. Ng3 Nf4 14. Qc2 Qg6 15. Qf5 Ne2+ 16. Kh1 Nxg3+ 17. fxg3 Nf6 18. Rae1 Rae8 19. Qxg6 hxg6 20. h3 Ne4 21. Nxe4 dxe4 22. Kg1 f5 23. Kf2 Kf7 24. Ke3 Ke6 25. b3 b5 26. Ra1 Rb8 27. Rfc1 Rfd8 28. c4 b4 29. Rd1 Rd7 30. Rd2 a5 31. Rad1 Ra8 32. a4 bxa3 33. Ra2 Rb7 34. Rxa3 Rab8 35. Kf4 Rxb3 36. Rxa5 g5+ 37. Kxg5 Rxg3+ 38. Kf4 Rd3 39. Rxd3 exd3 40. Re5+ Kd6 41. c5+ 1/2-1/2

[Event "CZE-ch Juniors op-B"]
[Site "Kouty nad Desnou"]
[Date "2009.03.12"]
[Round "7"]
[White "Hrdina, Robin"]
[Black "Krasny, Drahomir"]
[Result "1-0"]
[WhiteElo "1695"]
[BlackElo "1628"]
[PlyCount "49"]
[EventDate "2009.03.07"]
[EventType "swiss"]
[EventRounds "9"]
[EventCountry "CZE"]
[SourceTitle "EXT 2011"]
[Source "ChessBase"]
[SourceDate "2010.11.26"]
[SourceVersion "1"]
[SourceVersionDate "2010.11.26"]
[SourceQuality "1"]

1. e4 e5 2. Nc3 Nf6 3. f4 d5 4. fxe5 Nxe4 5. d3 Nxc3 6. bxc3 c5 7. Nf3 d4 8. Be2 Nc6 9. 0-0 Be7 10. Qe1 0-0 11. Qg3 Bf5 12. Rb1 b6 13. Ng5 Bg6 14. h4 h6 15. Nf3 Kh8 16. c4 Nb4 17. Rb2 Na6 18. Qh3 Nc7 19. g4 Ne6 20. g5 hxg5 21. Nxg5 Nxg5 22. hxg5+ Kg8 23. Rf2 Bxg5 24. Rh2 f6 25. e6 1-0

[Event "CZE-ch Juniors op-B"]
[Site "Kouty nad Desnou"]
[Date "2009.03.09"]
[Round "3"]
[White "Rezac, Jindrich"]
[Black "Krasny, Drahomir"]
[Result "0-1"]
[WhiteElo "1784"]
[BlackElo "1628"]
[PlyCount "124"]
[EventDate "2009.03.07"]
[EventType "swiss"]
[EventRounds "9"]
[EventCountry "CZE"]
[SourceTitle "EXT 2011"]
[Source "ChessBase"]
[SourceDate "2010.11.26"]
[SourceVersion "1"]
[SourceVersionDate "2010.11.26"]
[SourceQuality "1"]

1. d4 d5 2. c4 c6 3. Nc3 Nf6 4. e3 e6 5. Nf3 Nbd7 6. Bd3 dxc4 7. Bxc4 b5 8. Bd3 Bb7 9. 0-0 b4 10. Ne2 c5 11. Ng3 Rc8 12. dxc5 Bxc5 13. Qe2 0-0 14. Ba6 Bxa6 15. Qxa6 Qb6 16. Qe2 Rfd8 17. b3 Nd5 18. Bb2 Be7 19. Bd4 Nc3 20. Qb2 Qa5 21. Nd2 e5 22. Nc4 Rxc4 23. bxc4 exd4 24. exd4 Bf6 25. a3 Bxd4 26. axb4 Qb6 27. Rac1 Nd5 28. Qd2 Nxb4 29. Rb1 a5 30. Qg5 h6 31. Qf4 Qf6 32. Qxf6 Nxf6 33. Nf5 Ne4 34. Rbc1 Bc5 35. Ng3 Nxg3 36. hxg3 Rd2 37. Rcd1 Bxf2+ 38. Kh2 Rc2 39. Rc1 Rxc1 40. Rxc1 Nd3 41. Rd1 Nc5 42. Rd8+ Kh7 43. Kh3 a4 44. Ra8 Bd4 45. Kg4 Bb2 46. Kf3 a3 47. Ke2 Ne4 48. Kd3 f5 49. Kc2 Kg6 50. Rc8 Bd4 51. Ra8 Bc5 52. Kd3 Nxg3 53. Rc8 Ne4 54. g4 Be7 55. gxf5+ Kxf5 56. Rc7 Bf6 57. Ra7 Bb2 58. Ra5+ Kf4 59. Kc2 g5 60. c5 Nxc5 61. Rxc5 h5 62. Rc8 g4 0-1

[Event "CZE-ch Juniors op-B"]
[Site "Sec u Chrudimi"]
[Date "2008.03.13"]
[Round "7"]
[White "Krasny, Drahomir"]
[Black "Lasik, Petr"]
[Result "1/2-1/2"]
[WhiteElo "1492"]
[BlackElo "1691"]
[PlyCount "37"]
[EventDate "2008.03.08"]
[EventType "swiss"]
[EventRounds "9"]
[EventCountry "CZE"]
[SourceTitle "EXT 2009"]
[Source "ChessBase"]
[SourceDate "2008.11.26"]
[SourceVersion "1"]
[SourceVersionDate "2008.11.26"]
[SourceQuality "1"]

1. e4 e5 2. Nf3 Nc6 3. Bc4 Nf6 4. Ng5 d5 5. exd5 Na5 6. Bb5+ Bd7 7. Bxd7+ Qxd7 8. Nc3 h6 9. Nge4 Nxd5 10. d3 0-0-0 11. Nxd5 Qxd5 12. Qg4+ Kb8 13. Nc3 Qd7 14. Qxd7 Rxd7 15. Bd2 Nc6 16. 0-0-0 Nd4 17. Rhe1 f6 18. f4 Bd6 19. Ne4 1/2-1/2

[Event "CZE-ch Juniors op-B"]
[Site "Sec u Chrudimi"]
[Date "2008.03.12"]
[Round "6"]
[White "Svach, Jan"]
[Black "Krasny, Drahomir"]
[Result "1-0"]
[WhiteElo "1641"]
[BlackElo "1492"]
[PlyCount "49"]
[EventDate "2008.03.08"]
[EventType "swiss"]
[EventRounds "9"]
[EventCountry "CZE"]
[SourceTitle "EXT 2009"]
[Source "ChessBase"]
[SourceDate "2008.11.26"]
[SourceVersion "1"]
[SourceVersionDate "2008.11.26"]
[SourceQuality "1"]

1. e4 e5 2. f4 d5 3. exd5 c6 4. Qh5 cxd5 5. Qxe5+ Qe7 6. Be2 Qxe5 7. fxe5 Nc6 8. Nf3 Bg4 9. Bb5 Bc5 10. Nc3 0-0-0 11. Na4 Bxf3 12. Nxc5 Nd4 13. gxf3 Nxb5 14. c3 d4 15. Rg1 dxc3 16. bxc3 Rd5 17. d4 g6 18. c4 Nxd4 19. cxd5 Nxf3+ 20. Kf2 Nxg1 21. Kxg1 Ne7 22. d6 Nc6 23. Bb2 b6 24. Nd3 Kd7 25. e6+ 1-0

[Event "CZE-ch U14"]
[Site "Sec u Chrudimi"]
[Date "2007.10.22"]
[Round "3"]
[White "Krasny, Drahomir"]
[Black "Balacek, Tadeas"]
[Result "0-1"]
[WhiteElo "1500"]
[BlackElo "1942"]
[PlyCount "94"]
[EventDate "2007.10.20"]
[EventType "swiss"]
[EventRounds "9"]
[EventCountry "CZE"]
[SourceTitle "EXT 2022"]
[Source "ChessBase"]
[SourceDate "2021.10.06"]
[SourceVersion "1"]
[SourceVersionDate "2021.10.06"]
[SourceQuality "1"]

1. e4 e6 2. d4 d5 3. exd5 exd5 4. Nf3 Bd6 5. c4 dxc4 6. Bxc4 Nf6 7. Nc3 0-0 8. 0-0 Nbd7 9. Bg5 Nb6 10. Bb3 Bf5 11. Bc2 Bxc2 12. Qxc2 c6 13. Ne4 Be7 14. Nxf6+ Bxf6 15. Bxf6 Qxf6 16. Rad1 Rad8 17. Rd2 Rd5 18. b3 Rfd8 19. Rfd1 Nd7 20. Qe4 Nf8 21. Ne1 Ne6 22. Nc2 c5 23. g3 Ng5 24. Qe3 Nf3+ 25. Kg2 Nxd2 26. Rxd2 cxd4 27. Qd3 h6 28. Nb4 R5d7 29. Qc4 a5 30. Nd3 Qc6+ 31. Qxc6 bxc6 32. Ne5 Rd6 33. Nc4 Rd5 34. Nb2 Rc5 35. Nc4 d3 36. f4 a4 37. Kf3 axb3 38. axb3 Rb5 39. Ne5 c5 40. Nxd3 Rxb3 41. Ke2 c4 42. Ne1 Rxd2+ 43. Kxd2 Kf8 44. Kc2 Ke7 45. Kd2 Kd6 46. Nc2 Kc5 47. Ne3 Rxe3 0-1

[Event "CZE-ch Juniors op-B"]
[Site "Sec u Chrudimi"]
[Date "2007.03.13"]
[Round "5"]
[White "Krasny, Drahomir"]
[Black "Rezac, Jindrich"]
[Result "1-0"]
[WhiteElo "1520"]
[BlackElo "1772"]
[PlyCount "61"]
[EventDate "2007.03.10"]
[EventType "swiss"]
[EventRounds "9"]
[EventCountry "CZE"]
[SourceTitle "EXT 2008"]
[Source "ChessBase"]
[SourceDate "2007.11.25"]
[SourceVersion "1"]
[SourceVersionDate "2007.11.25"]
[SourceQuality "1"]

1. e4 Nf6 2. e5 Nd5 3. d4 Nb6 4. f4 d6 5. Nf3 dxe5 6. fxe5 Bf5 7. Nc3 e6 8. Be2 Nc6 9. a3 Be7 10. 0-0 h6 11. Be3 Qd7 12. Qe1 Bxc2 13. Qf2 Bf5 14. Rad1 Nd5 15. Nxd5 Qxd5 16. Rd2 0-0 17. Rfd1 Na5 18. Rc1 Qd7 19. Rc3 b6 20. b4 Nb7 21. Ba6 Nd8 22. Bd3 Bxd3 23. Rdxd3 c6 24. Qg3 Kh8 25. Nh4 Bxh4 26. Qxh4 f5 27. Bxh6 gxh6 28. Qxh6+ Kg8 29. Rg3+ Kf7 30. Rg7+ Ke8 31. Rxd7 1-0

[Event "CZE-ch Juniors op-B"]
[Site "Sec u Chrudimi"]
[Date "2007.03.11"]
[Round "2"]
[White "Kaluzny, Jiri"]
[Black "Krasny, Drahomir"]
[Result "1/2-1/2"]
[WhiteElo "1668"]
[BlackElo "1520"]
[PlyCount "111"]
[EventDate "2007.03.10"]
[EventType "swiss"]
[EventRounds "9"]
[EventCountry "CZE"]
[SourceTitle "EXT 2008"]
[Source "ChessBase"]
[SourceDate "2007.11.25"]
[SourceVersion "1"]
[SourceVersionDate "2007.11.25"]
[SourceQuality "1"]

1. e4 e5 2. Nf3 Nc6 3. Bc4 Bc5 4. b4 Bxb4 5. c3 Bc5 6. d4 exd4 7. cxd4 Bb4+ 8. Kf1 h6 9. Qb3 Qe7 10. a3 Ba5 11. Nc3 d6 12. Bb2 Nf6 13. e5 Bxc3 14. Bxc3 dxe5 15. Re1 0-0 16. d5 Nd8 17. Bb4 Qd7 18. Bxf8 Kxf8 19. Nxe5 Qd6 20. f3 b6 21. Kf2 Nb7 22. Re3 Na5 23. Qd3 Nxc4 24. Nxc4 Qxd5 25. Qxd5 Nxd5 26. Re5 Nf4 27. Kg3 Ng6 28. Rd5 Be6 29. Rd4 c5 30. Re4 Bd5 31. Nxb6 Bxe4 32. Nxa8 Bxa8 33. Rc1 Ne5 34. Rxc5 Nc6 35. a4 Ke7 36. Kf4 g6 37. h4 Ke6 38. Ke3 f6 39. f4 h5 40. g3 f5 41. Kd3 Kd6 42. Rc1 Ne7 43. Kd4 Bc6 44. a5 Bb5 45. Ra1 a6 46. Ra3 Nc6+ 47. Ke3 Nb4 48. Kd2 Kd5 49. Rc3 Nc6 50. Re3 Nxa5 51. Re7 Nc4+ 52. Kc3 Nd6 53. Re5+ Kc6 54. Re6 Bc4 55. Rxg6 Bf7 56. Rg7 1/2-1/2

[Event "CZE-ch U12"]
[Site "Sec u Chrudimi"]
[Date "2005.10.28"]
[Round "8"]
[White "Krasny, Drahomir"]
[Black "Rozsafny, Michal"]
[Result "1-0"]
[WhiteElo "1250"]
[BlackElo "1349"]
[PlyCount "49"]
[EventDate "2005.10.22"]
[EventType "swiss"]
[EventRounds "9"]
[EventCountry "CZE"]
[SourceTitle "EXT 2008"]
[Source "ChessBase"]
[SourceDate "2007.11.25"]
[SourceVersion "1"]
[SourceVersionDate "2007.11.25"]
[SourceQuality "1"]

1. e4 e5 2. Nf3 Nc6 3. Bc4 Bc5 4. Nc3 Nf6 5. d3 d6 6. h3 Be6 7. Bb3 d5 8. exd5 Bxd5 9. Nxd5 Nxd5 10. Bxd5 Qxd5 11. 0-0 0-0 12. Re1 f5 13. Qe2 Rae8 14. Be3 Nd4 15. Bxd4 exd4 16. Qd2 Rxe1+ 17. Rxe1 Qxa2 18. b3 Qa3 19. Qe2 b5 20. Qe6+ Kh8 21. Ne5 Be7 22. Nf7+ Kg8 23. Nh6+ Kh8 24. Qg8+ Rxg8 25. Nf7# 1-0